The Durham Report and British Policy : (Record no. 614785)

MARC details
000 -LEADER
fixed length control field 00487nam a2200181 a 4500
008 - FIXED-LENGTH DATA ELEMENTS--GENERAL INFORMATION
fixed length control field 260220s2008##################000#0#eng##
020 ## - INTERNATIONAL STANDARD BOOK NUMBER
ISBN 9780521082822
082 04 - DEWEY DECIMAL CLASSIFICATION NUMBER
Classification number 320.604
Item number MAR
100 1# - MAIN ENTRY--AUTHOR NAME
Personal name Martin, Ged,
245 10 - TITLE STATEMENT
Title The Durham Report and British Policy :
260 ## - PUBLICATION, DISTRIBUTION, ETC. (IMPRINT)
Name of publisher Cambridge University Press,
Year of publication 2008.
650 #0 - SUBJECT ADDED ENTRY--TOPICAL TERM
Topical Term History.
942 ## - ADDED ENTRY ELEMENTS (KOHA)
Koha item type English Books
Holdings
Withdrawn status Lost status Damaged status Not for loan Home library Current library Shelving location Date acquired Full call number Accession Number Price effective from Koha item type
        Anna Centenary Library Anna Centenary Library 3RD FLOOR, B WING 20.02.2026 320.604 MAR 239611 20.02.2026 English Books

Find us on the map